Parallel numerical algorithms / (Record no. 180500)
[ view plain ]
| 000 -LEADER | |
|---|---|
| fixed length control field | 00896 a2200217 4500 |
| 003 - CONTROL NUMBER IDENTIFIER | |
| control field | Nust |
| 005 - DATE AND TIME OF LATEST TRANSACTION | |
| control field | 20221006102443.0 |
| 010 ## - LIBRARY OF CONGRESS CONTROL NUMBER | |
| LC control number | 92009556 |
| 020 ## - INTERNATIONAL STANDARD BOOK NUMBER | |
| International Standard Book Number | 0136515975 (pbk.) : |
| 040 ## - CATALOGING SOURCE | |
| Transcribing agency | Nust |
| 082 00 - DEWEY DECIMAL CLASSIFICATION NUMBER | |
| Classification number | 005.42, FRE |
| 100 1# - MAIN ENTRY--PERSONAL NAME | |
| Personal name | Freeman, T. L. |
| 9 (RLIN) | 99232 |
| 245 10 - TITLE STATEMENT | |
| Title | Parallel numerical algorithms / |
| Statement of responsibility, etc. | T.L. Freeman, C. Phillips. |
| 260 ## - PUBLICATION, DISTRIBUTION, ETC. | |
| Place of publication, distribution, etc. | New York : |
| Name of publisher, distributor, etc. | Prentice Hall, |
| Date of publication, distribution, etc. | 1992. |
| 300 ## - PHYSICAL DESCRIPTION | |
| Extent | xi, 315 p. : |
| Other physical details | ill. ; |
| Dimensions | 24 cm. |
| 440 #0 - SERIES STATEMENT/ADDED ENTRY--TITLE | |
| Title | Prentice Hall international series in computer science |
| 9 (RLIN) | 94214 |
| 505 ## - FORMATTED CONTENTS NOTE | |
| Formatted contents note | Fundamentals (Page-1), System Support (Page-32), Numerical Libraries (Page-84), Gaussian Elimination: a Case Study (Page-119), Further Linear Algebra (Page-155), Other Areas I (Page-210), Other Areas II(Page- 243), Recent Developments (Page-286). |
| 650 #0 - SUBJECT ADDED ENTRY--TOPICAL TERM | |
| Topical term or geographic name entry element | Parallel algorithms. |
| 9 (RLIN) | 36594 |
| 700 1# - ADDED ENTRY--PERSONAL NAME | |
| Personal name | Phillips, Chris, |
| Dates associated with a name | 1950- |
| 9 (RLIN) | 99233 |
| 942 ## - ADDED ENTRY ELEMENTS (KOHA) | |
| Source of classification or shelving scheme | |
| Koha item type | Book |
| Call number prefix | 005.42,FRE |
| Withdrawn status | Lost status | Source of classification or shelving scheme | Damaged status | Not for loan | Permanent Location | Current Location | Shelving location | Date acquired | Full call number | Barcode | Date last seen | Price effective from | Koha item type | Public note |
|---|---|---|---|---|---|---|---|---|---|---|---|---|---|---|
| Military College of Signals (MCS) | Military College of Signals (MCS) | General Stacks | 12/12/2016 | 005.42,FRE | MCS3438 | 12/08/2016 | 12/12/2016 | Book | Almirah No.6, Shelf No.1 |
